Neoconstitucionalismo, derecho y derechos

Detalles Bibliográficos
Autor principal: Pozzolo, Susana
Formato: Desconocido
Lenguaje:español
Publicado: Lima : Palestra Editores, 2011
Materias:
Acceso en línea:http://www.vlex.com/source/11044

MARC

LEADER 00000 a2200000 4500
005 20130426095151.0
007 cr|||| ||||
008 130426e2011 pe |||||s|||| 00||0 spa d
020 |a 978-612-4047-67-1 
035 |a 11044 
040 |a vLex 
090 |c 4186  |d 4186 
100 1 0 |a Pozzolo, Susana 
245 1 0 |a Neoconstitucionalismo, derecho y derechos  |c / Susana Pozzolo   |h [Recurso electrn̤ico] 
256 |a Servicio en ln̕ea 
260 |a Lima :  |b Palestra Editores,   |c 2011 
300 |a 1 Recurso electrn̤ico 
506 |d vLex Global  |d vLex Global (Academic Edition, excluding Law Schools)  |d vLex Global (U.S. Academic Edition, Law Schools)  |d vLex Global (U.S. Academic Edition, excluding Law Schools)  |d vLex Global (Academic Edition, Law Schools) 
650 0 4 |a Derecho constitucional 
650 0 4 |a Derechos humanos 
740 |a vLex Libros (Servicio en ln̕ea) 
856 |a Acceso restringido  |u http://www.vlex.com/source/11044 
942 |c BOOK 
999 0 |a Human rights